| 000 | 00923cab a22002055a 4500 | ||
|---|---|---|---|
| 001 | L141368 | ||
| 008 | 071119s2007 xxkad f s 000 0 eng d | ||
| 035 | _a(Sirsi) u141368 | ||
| 041 | 0 | _aeng | |
| 100 | 1 | _aScrimshaw, Matthew | |
| 245 | 4 | _aThe effect of upward-only rent reviews on UK prime retail property capital values | |
| 260 | _c2007 | ||
| 490 | 0 |
_aJournal of Property Investment and Finance _v25(6) 2007, 652-667(16) |
|
| 520 | _aConsiders the possible effect on capital values of prime retail property in the main UK towns and cities from a legislative ban on upward-only rent reviews from commercial leases. Concludes that, overall, such a ban would probably result in a fall in capital values. | ||
| 590 | _aka | ||
| 651 | 4 |
_aUnited Kingdom _y |
|
| 690 | _aPROPERTY-PROPERTY VALUATION AND APPRAISAL | ||
| 690 | _aPROPERTY-COMMERCIAL PROPERTY-COMMERCIAL LANDLORD AND TENANT-COMMERCIAL LEASES | ||
| 942 | _n0 | ||
| 999 |
_c79475 _d79475 |
||